<?xml version="1.0" encoding="UTF-8"?>
<collection xmlns="http://www.loc.gov/MARC21/slim">
<record>
  <controlfield tag="001">167445</controlfield>
  <controlfield tag="005">20260121151437.0</controlfield>
  <datafield tag="037" ind1=" " ind2=" ">
    <subfield code="a">TAZ-TFG-2025-598</subfield>
  </datafield>
  <datafield tag="041" ind1=" " ind2=" ">
    <subfield code="a">spa</subfield>
  </datafield>
  <datafield tag="100" ind1="1" ind2=" ">
    <subfield code="a">Ferrer Onco, Ashley</subfield>
  </datafield>
  <datafield tag="242" ind1="0" ind2="0">
    <subfield code="a">Beyond tics: Nursing intervention program for Tourette syndrome at school age</subfield>
  </datafield>
  <datafield tag="245" ind1="0" ind2="0">
    <subfield code="a">Más allá de los tics: Programa de educación de enfermería para el síndrome de Tourette en edad escolar</subfield>
  </datafield>
  <datafield tag="260" ind1=" " ind2=" ">
    <subfield code="a">Zaragoza</subfield>
    <subfield code="b">Universidad de Zaragoza</subfield>
    <subfield code="c">2025</subfield>
  </datafield>
  <datafield tag="506" ind1=" " ind2=" ">
    <subfield code="a">by-nc-sa</subfield>
    <subfield code="b">Creative Commons</subfield>
    <subfield code="c">3.0</subfield>
    <subfield code="u">http://creativecommons.org/licenses/by-nc-sa/3.0/</subfield>
  </datafield>
  <datafield tag="520" ind1=" " ind2=" ">
    <subfield code="a">Introducción: El síndrome de Tourette (ST) es un síndrome del desarrollo neurológico &lt;br />caracterizado por presentar múltiples tics tanto motores como vocales, generalmente &lt;br />precedidos por una sensación conocida como impulso premonitorio. Los niños con ST sufren &lt;br />de acoso y estigma social, que junto a tener que superar los continuos desafíos en el aula y &lt;br />derivados de las interacciones sociales, les generan estrés, falta de autoestima y &lt;br />empeoramiento de sus tics. Por ello, los profesionales de enfermería juegan un papel muy &lt;br />importante en la educación de estos niños.  &lt;br />Objetivo Principal: Elaborar un Programa de Educación para la Salud dirigido a niños con &lt;br />síndrome de Tourette, a sus cuidadores principales y profesores, con el objetivo de mejorar su &lt;br />calidad de vida, y liderado por enfermeras del Hospital Materno-Infantil Miguel Servet. &lt;br />Metodología: Se realizó una búsqueda bibliográfica en distintas bases de datos y páginas webs &lt;br />para ampliar los conocimientos acerca del ST y su abordaje, para posteriormente elaborar un &lt;br />Programa de Educación para la salud. &lt;br />Conclusión: La falta de conocimientos acerca del ST y las repercusiones que tiene sobre los &lt;br />niños que lo padecen, hacen necesaria la creación de este programa de educación con el fin de &lt;br />implementar el control sobre los tics y su calidad de vida. Además, los profesionales de &lt;br />enfermería jugarán un importante papel en el desarrollo del programa, proveyendo &lt;br />información y apoyo a los participantes.  &lt;br /> &lt;br />&lt;br /></subfield>
  </datafield>
  <datafield tag="521" ind1=" " ind2=" ">
    <subfield code="a">Graduado en Enfermería</subfield>
  </datafield>
  <datafield tag="540" ind1=" " ind2=" ">
    <subfield code="a">Derechos regulados por licencia Creative Commons</subfield>
  </datafield>
  <datafield tag="856" ind1="0" ind2=" ">
    <subfield code="f">846007@celes.unizar.es</subfield>
  </datafield>
  <datafield tag="856" ind1="4" ind2=" ">
    <subfield code="s">2449712</subfield>
    <subfield code="u">http://zaguan.unizar.es/record/167445/files/TAZ-TFG-2025-598.pdf</subfield>
    <subfield code="y">Memoria (spa)</subfield>
  </datafield>
  <datafield tag="909" ind1="C" ind2="O">
    <subfield code="o">oai:zaguan.unizar.es:167445</subfield>
    <subfield code="p">driver</subfield>
    <subfield code="p">trabajos-fin-grado</subfield>
  </datafield>
  <datafield tag="950" ind1=" " ind2=" ">
    <subfield code="a"></subfield>
  </datafield>
  <datafield tag="691" ind1=" " ind2=" ">
    <subfield code="a">3 4</subfield>
  </datafield>
  <datafield tag="692" ind1=" " ind2=" ">
    <subfield code="a">La aportación sobre estos objetivos es que el programa busca mejorar la calidad de vida de los niños con Síndrome de Tourette, así como crear un entorno más seguro e inclusivo para ellos en las escuelas.</subfield>
  </datafield>
  <datafield tag="700" ind1=" " ind2=" ">
    <subfield code="a">Benito Ruiz, Eva</subfield>
    <subfield code="e">dir.</subfield>
  </datafield>
  <datafield tag="710" ind1="2" ind2=" ">
    <subfield code="a">Universidad de Zaragoza</subfield>
    <subfield code="b">Fisiatría y Enfermería</subfield>
    <subfield code="c">Enfermería</subfield>
  </datafield>
  <datafield tag="980" ind1=" " ind2=" ">
    <subfield code="a">TAZ</subfield>
    <subfield code="b">TFG</subfield>
    <subfield code="c">EUCS</subfield>
  </datafield>
  <datafield tag="999" ind1=" " ind2=" ">
    <subfield code="a">20250511214403.CREATION_DATE</subfield>
  </datafield>
  <datafield tag="951" ind1=" " ind2=" ">
    <subfield code="a">deposita:2026-01-21</subfield>
  </datafield>
</record>
</collection>